000 00647nam a2200205 4500
003 OSt
005 20230830075212.0
008 708 R549v
040 _cLado V
082 _a708
_bC238c
100 _9979
_aCapelán, Carlos
_eautor
245 _aCarlos, Capelán/
260 _aMadrid
_bInversiones en Arte y Naturaleza
_c2004
300 _a12p.
_c21x27cm
650 _2Tesauro de Arte & Arquitectura
_aARTE
_9702
650 _2Tesauro de Arte & Arquitectura
_aESCULTURA
_9702
650 _2Tesauro de Arte & Arquitectura
_aESTRUCTURAS
650 _2Tesauro de Arte & Arquitectura
_aEXHIBICION
942 _2ddc
_c1
_h708
_iC238c
_n0
999 _c4224
_d4224